000 00498nam a2200181Ia 4500
005 20250508154622.0
008 008 250505s9999 xx 000 0 eng d
037 _aTextual
040 _aFEDL
_beng
_cFEDL
041 _aeng
_2eng
084 _a915.414, ROY
_qFEDL
100 _aRoy Samaren
_9104992
245 0 _aRoots of bengali culture
260 _aCalcutta, India
_bEureka Publishers
_c1966
300 _a67p.
942 _cTEXL
_h915.414, ROY
999 _c1351250
_d1351250